Balada o ptácích a hadech /
Prequel populární trilogie Hunger Games přibližuje postavu pozdějšího prezidenta Panemu Coriolana Snowa v době, kdy mu bylo teprve osmnáct let a měl svou svěřenkyni připravovat na desáté Hladové hry.
Uloženo v:
| Série: | Hunger games,
část |
|---|---|
| Hlavní autor: | |
| Další autoři: | , , |
| Médium: | E-audiokniha |
| Jazyk: | Czech |
| Vydáno: |
Praha :
Voxi,
[2021]
|
| Témata: | |
| Příbuzné jednotky: | Z cyklu::
Hunger games |
| Tagy: |
Žádné tagy |
| LEADER | 05053nim a2200997 ia4500 | ||
|---|---|---|---|
| 001 | 313098 | ||
| 003 | CZ PrSKC | ||
| 005 | 20260601215735.0 | ||
| 007 | sd fungnnmmned | ||
| 008 | 210716t20212021xr nnnnj f n cze | ||
| 015 | |a cnb003343609 | ||
| 024 | 3 | |a 8594050432048 | |
| 040 | |a ABA001 |b cze |e rda | ||
| 041 | 1 | |d cze |h eng | |
| 072 | 7 | |a 821.111(73)-3 |x Americká próza |2 Konspekt | |
| 072 | 7 | |a 821-93 |x Literatura pro děti a mládež (beletrie) |2 Konspekt | |
| 080 | |a 821.111(73)-31 |2 MRF | ||
| 080 | |a (0:82-312.9) |2 MRF | ||
| 080 | |a (086.7.053.2) |2 MRF | ||
| 080 | |a (086.7)08 |2 MRF | ||
| 080 | |a (086.76) |2 MRF | ||
| 100 | 1 | |a Collins, Suzanne, |d 1962- |7 xx0116397 |4 aut | |
| 240 | 1 | 0 | |a Ballad of songbirds and snakes. |l Česky |
| 245 | 1 | 0 | |a Balada o ptácích a hadech / |c Suzanne Collinsová ; z anglického originálu The ballad of songbirds and snakes přeložil Zdík Dušek |
| 264 | 1 | |a Praha : |b Voxi, |c [2021] | |
| 264 | 4 | |c ©2021 | |
| 300 | |a 2 audiodisky (18 hod., 35 min.) ; |c 12 cm | ||
| 306 | |a 183500 | ||
| 336 | |a mluvené slovo |b spw |2 rdacontent | ||
| 337 | |a audio |b s |2 rdamedia | ||
| 338 | |a audiodisk |b sd |2 rdacarrier | ||
| 344 | |a digital |b optical |2 rda | ||
| 347 | |a audio soubor |b MP3 |2 rda | ||
| 500 | |a Název z disku | ||
| 500 | |a Copyright Albatros Media | ||
| 500 | |a Nezkrácená audiokniha ve formátu mp3 na dvou CD | ||
| 500 | |a Podle stejnojmenné knihy vydané nakladatelstvím Fragment v roce 2020 | ||
| 508 | |a Režie Martin Šebestík | ||
| 511 | 0 | |a Čte Miroslav Táborský | |
| 520 | 2 | |a Prequel populární trilogie Hunger Games přibližuje postavu pozdějšího prezidenta Panemu Coriolana Snowa v době, kdy mu bylo teprve osmnáct let a měl svou svěřenkyni připravovat na desáté Hladové hry. |b Coriolanus pochází z vlivné rodiny Snowů, kteří ovšem během války mezi Kapitolem a vzbouřenými kraji přišli o veškerý majetek. Aby získal stipendium na univerzitě a tím si udržel své postavení, musí Coriolanus trénovat jednoho ze splátců pro desáté Hladové hry. Příliš velkou šanci ale nemá - dostal totiž přidělenou dívku z Dvanáctého kraje. Až dosud splátce nikdo netrénoval a ti často zemřeli hladem a vyčerpáním ještě před zahájením her. Není divu, že sledovanost takové show je mizerná. To se ale teď má změnit. Snow chce, aby jeho svěřenkyně Lucy vyhrála za každou cenu. Současně však s dívkou odsouzenou k záhubě začíná soucítit. Bude muset udělat zásadní rozhodnutí, které ovlivní celý jeho další život - i životy všech splátců budoucích Hladových her. Svět Hunger Games v době dlouho před tím, než se objevila Katniss Everdeenová. | |
| 655 | 7 | |a americké romány |7 fd131796 |2 czenas | |
| 655 | 7 | |a fantasy romány |7 fd184199 |2 czenas | |
| 655 | 7 | |a zvukové záznamy pro děti a mládež |7 fd186726 |2 czenas | |
| 655 | 7 | |a audioknihy |7 fd119452 |2 czenas | |
| 655 | 7 | |a kompaktní disky |7 fd201991 |2 czenas | |
| 700 | 1 | |a Dušek, Zdík, |d 1976- |7 ola20040616001 |4 trl | |
| 700 | 1 | |a Šebestík, Martin |7 xx0089616 |4 drt | |
| 700 | 1 | |a Táborský, Miroslav, |d 1959- |7 ola2002142468 |4 nrt | |
| 787 | 0 | 8 | |i Z cyklu: |t Hunger games |
| 900 | |a ABA001 |b 19 | ||
| 044 | |a xr | ||
| 505 | 0 | 0 | |t 00_Uvod (0 min., 44 sek.) |
| 505 | 0 | 0 | |t 01_kapitola (42 min., 53 sek.) |
| 505 | 0 | 0 | |t 02_Kapitola (33 min., 15 sek.) |
| 505 | 0 | 0 | |t 03_Kapitola (23 min., 21 sek.) |
| 505 | 0 | 0 | |t 04_Kapitola (29 min., 7 sek.) |
| 505 | 0 | 0 | |t 05_Kapitola (29 min., 8 sek.) |
| 505 | 0 | 0 | |t 06_Kapitola (49 min., 15 sek.) |
| 505 | 0 | 0 | |t 07_Kapitola (28 min., 22 sek.) |
| 505 | 0 | 0 | |t 08_Kapitola (22 min., 56 sek.) |
| 505 | 0 | 0 | |t 09_Kapitola (31 min., 38 sek.) |
| 505 | 0 | 0 | |t 10_Kapitola (33 min., 33 sek.) |
| 505 | 0 | 0 | |t 11_Kapitola (34 min., 9 sek.) |
| 505 | 0 | 0 | |t 12_Kapitola (46 min., 30 sek.) |
| 505 | 0 | 0 | |t 13_Kapitola (28 min., 25 sek.) |
| 505 | 0 | 0 | |t 14_Kapitola (35 min., 19 sek.) |
| 505 | 0 | 0 | |t 15_Kapitola (28 min., 34 sek.) |
| 505 | 0 | 0 | |t 16_Kapitola (39 min., 1 sek.) |
| 505 | 0 | 0 | |t 17_Kapitola (26 min., 42 sek.) |
| 505 | 0 | 0 | |t 18_Kapitola (34 min., 34 sek.) |
| 505 | 0 | 0 | |t 19_Kapitola (40 min., 24 sek.) |
| 505 | 0 | 0 | |t 20_Kapitola (40 min., 20 sek.) |
| 505 | 0 | 0 | |t 21_Kapitola (38 min., 3 sek.) |
| 505 | 0 | 0 | |t 22_Kapitola (27 min., 24 sek.) |
| 505 | 0 | 0 | |t 23_Kapitola (38 min., 49 sek.) |
| 505 | 0 | 0 | |t 24_Kapitola (47 min., 45 sek.) |
| 505 | 0 | 0 | |t 25_Kapitola (40 min., 19 sek.) |
| 505 | 0 | 0 | |t 26_Kapitola-01 (36 min., 45 sek.) |
| 505 | 0 | 0 | |t 27_Kapitola (43 min., 1 sek.) |
| 505 | 0 | 0 | |t 28_Kapitola (49 min., 3 sek.) |
| 505 | 0 | 0 | |t 29_Kapitola (34 min., 21 sek.) |
| 505 | 0 | 0 | |t 30_Kapitola (47 min., 44 sek.) |
| 505 | 0 | 0 | |t 31_Epilog (16 min., 10 sek.) |
| 910 | |a RBIT002 | ||
| 998 | |d 354342 |a https://core.palmknihy.cz/api/books/354342/cover?su43cg |b https://core.palmknihy.cz/api/books/354342/cover/400?su43cg |c https://core.palmknihy.cz/api/books/354342/cover/50?su43cg |e 2030-08-15 |i 8594050432048 |l 65820 |q 49 |r 1 |s https://www.palmknihy.cz/kniha/354342 |t audiobook |y 2021 |z 0 | ||
| 999 | |d 313096 | ||